Marxism for and against

Salvato in:
Dettagli Bibliografici
Autore principale: Heilbroner, Robert L.
Natura: Libro
Lingua:inglese
Pubblicazione: New York Norton and Co. 1980
Soggetti:
Tags: Aggiungi Tag
Nessun Tag, puoi essere il primo ad aggiungerne!!

MARC

LEADER 00000nam a2200000 4500
001 c132684
005 20041019155255.9
041 0 |a eng 
044 |a US 
245 1 0 |a Marxism  |b for and against  |c Robert L. Heilbroner 
264 1 |a New York  |b Norton and Co.  |c 1980 
300 |a 186 s. 
610 2 0 |a ekonómia politická marxistická 
100 1 |a Heilbroner, Robert L.